| 000 | 00656cam a2200193 a 4500 | ||
|---|---|---|---|
| 001 | 000015996 | ||
| 003 | UkOxU | ||
| 005 | 20200929164230.0 | ||
| 008 | 860101s1963 ve 000 0 spa d | ||
| 040 |
_aDO-SdBNP _bspa _cLC _dBNPHU |
||
| 082 |
_a182 _bG216f |
||
| 100 | 1 |
_aGarcía Bacca, Juan David, _d1901-1992 _923629 |
|
| 245 | 1 | 0 |
_aFragmentos filosóficos de los presocraticos / _cJuan D. García Bacca. |
| 260 |
_aCaracas : _bMinisterio de Educación, Dirección de Cultura y Bellas Artes, Departamento de Publicaciones, _c1963. |
||
| 300 |
_a362 p. ; _c24 cm. |
||
| 650 | 4 |
_aFilosofía antigua _91215 |
|
| 910 | _aCatalogación derivada | ||
| 049 | _aBNGR | ||
| 999 |
_c15538 _d15538 |
||